[Event "BCF-chT3 0809 (4NCL)"]
[Site "Hinckley Island"]
[Date "2009.05.04"]
[Round "11.2"]
[White "Place, William"]
[Black "Humphreys, Jerry"]
[Result "1-0"]
[WhiteElo "1965"]
[BlackElo "2076"]
[PlyCount "95"]
[EventDate "2008.10.18"]
[EventType "team-swiss"]
[EventRounds "11"]
[EventCountry "ENG"]
[SourceTitle "EXT 2010"]
[Source "ChessBase"]
[SourceDate "2010.11.25"]
[SourceVersion "1"]
[SourceVersionDate "2010.11.25"]
[SourceQuality "1"]
[WhiteTeam "Nottinghamshire II"]
[BlackTeam "Bristol II"]
[WhiteTeamCountry "ENG"]
[BlackTeamCountry "ENG"]

1. e4 c5 2. d4 cxd4 3. c3 Nf6 4. e5 Nd5 5. Qxd4 e6 6. Bc4 Nc6 7. Qe4 Nb6 8. Bb3 Qc7 9. Nf3 d5 10. exd6 Bxd6 11. Nbd2 Bd7 12. Qg4 0-0-0 13. Ne4 Bf8 14. Qg3 Qxg3 15. hxg3 f6 16. Be3 Nd5 17. Bc5 h6 18. 0-0-0 Bxc5 19. Nxc5 b6 20. Nxd7 Rxd7 21. Rhe1 Nd8 22. Nd4 Nc7 23. Nxe6 Ndxe6 24. Bxe6 Nxe6 25. Rxe6 Rhd8 26. Rxd7 Rxd7 27. Kc2 Kd8 28. Re4 Kc7 29. Rc4+ Kb7 30. g4 Re7 31. Kd2 Rd7+ 32. Rd4 Re7 33. c4 Kc6 34. b4 a6 35. a4 a5 36. b5+ Kc7 37. f3 Re5 38. Kd3 Re1 39. Re4 Rd1+ 40. Ke2 Ra1 41. Re7+ Kd6 42. Rxg7 Rxa4 43. Kd3 Ra2 44. Rf7 Ke5 45. Re7+ Kd6 46. Rb7 Rxg2 47. Rxb6+ Ke5 48. Ke3 1-0

[Event "BCF-chT4 0708 (4NCL)"]
[Site "England"]
[Date "2008.02.09"]
[Round "5.2"]
[White "Mansson, James C"]
[Black "Place, William"]
[Result "1-0"]
[WhiteElo "2159"]
[BlackElo "1985"]
[PlyCount "75"]
[EventDate "2007.09.15"]
[EventType "team-swiss"]
[EventRounds "11"]
[EventCountry "ENG"]
[SourceTitle "EXT 2009"]
[Source "ChessBase"]
[SourceDate "2008.11.26"]
[SourceVersion "1"]
[SourceVersionDate "2008.11.26"]
[SourceQuality "1"]
[WhiteTeam "Littlehorpe"]
[BlackTeam "Nottinghamshire II"]
[WhiteTeamCountry "ENG"]
[BlackTeamCountry "ENG"]

1. Nf3 g6 2. c4 Bg7 3. e4 d6 4. d4 Nf6 5. Nc3 0-0 6. Be2 e5 7. 0-0 Nc6 8. d5 Ne7 9. b4 Nh5 10. Re1 f5 11. Ng5 Nf4 12. Bxf4 exf4 13. Rc1 h6 14. Ne6 Bxe6 15. dxe6 c6 16. Bf3 Be5 17. Qb3 Qc7 18. b5 Kh7 19. c5 dxc5 20. bxc6 Bxc3 21. cxb7 Bxe1 22. bxa8Q Bxf2+ 23. Kxf2 Rxa8 24. exf5 Rb8 25. fxg6+ Nxg6 26. Qd3 Qe5 27. Qd7+ Kh8 28. Re1 Qd4+ 29. Kf1 Qc4+ 30. Be2 Qxa2 31. Qf7 Rg8 32. Qf6+ Rg7 33. Bd3 Ne7 34. Re2 Qa4 35. Bc2 Qa3 36. Qxh6+ Kg8 37. Qxf4 Qb2 38. Bh7+ 1-0